• 首页
  • 本馆介绍
  • 公告通知
  • 最新文献
  • 馆藏检索
  • 电子资源
  • 读者导购
  • 参考咨询
  • 我的图书馆
  • 登录
  • 详细信息显示
  • 放入我的书架
  • 预约/预借图书
  • 作者相关作品
  • 分类相关作品
  • 丛书相关作品
  • 出版社相关作品

书目信息

  • 表格格式
  • 工作单格式
  • 卡片格式
题名:
东风牌EQ140型载重汽车使用行说明书
    
 
作者: ;第二汽车制造厂 编
分册:  
出版信息: 北京   人民交通出版社  1979
页数: 127页
开本: 19cm
丛书名:
单 册:
中图分类: U469.2
科图分类:
主题词: 汽车工程
电子资源:
ISBN:
000 00663nam0 2200229 45
001 0179005150
005 20040518084829.4
010    @dCNY0.37
091    @a15044.4543
100    @a19950731d1979 em y0chiy0121 ea
101 0  @achi
102    @aCN@b110000
105    @ay z 000yy
106    @ar
200 10 @a东风牌EQ140型载重汽车使用行说明书@Adong feng paieq140 xing zai zhong qi che shi yong shuo ming shu@f第二汽车制造厂编
210    @a北京@c人民交通出版社@d1979
215    @a127页@d19cm
606 0  @a汽车工程
690    @aU469.2
711 02 @a第二汽车制造厂@Adi er qi che zhi zao chang@4编
801  0 @aCN@bNLC@c20040518
905    @f1@b13150@dU469.2@e84
    
    东风牌EQ140型载重汽车使用行说明书/第二汽车制造厂编.-北京:人民交通出版社,1979
    127页;19cm
    
    
    ISBN :CNY0.37
    
●
相关链接 在E读中查询图书 在五车中查询图书 在当当中查询图书 在豆瓣中查询图书


正题名:东风牌EQ140型载重汽车使用行说明书     索取号:U469.2/84         预约/预借

序号 登录号 条形码 馆藏地/架位号 状态 备注
1 0013150   001487698   第二样本阅览室/ [索取号:U469.2/84] 在馆    
唐山师范学院图书馆 欢迎您!
大连网信软件有限公司© 版权所有